| 000 | 00709nam a2200217 a 4500 | ||
|---|---|---|---|
| 001 | 000023378 | ||
| 005 | 20200930022157.0 | ||
| 008 | 101206s1972 ve r 000 0 spa d | ||
| 040 |
_aDO-SdBNP _bspa _cBNPHU |
||
| 082 |
_a813.5 _bL847p |
||
| 100 | 1 |
_aLondon, Jack, _d1876-1916 _933180 |
|
| 245 | 1 | 3 |
_aEl peregrino de la estrella / _cJack London ; traducción al castellano Fernando Valera. |
| 260 |
_aMadrid : _bDoncel, _c1972. |
||
| 300 |
_a356, [3] p. ; _c18 cm. |
||
| 490 | 1 |
_aLibro joven de bolsillo _v36 |
|
| 650 | 4 |
_aNovela estadounidense _9262 |
|
| 650 | 4 |
_aLiteratura estadounidense _9263 |
|
| 700 | 1 |
_aValera, Fernando _etr. _948157 |
|
| 830 | 0 |
_aLibro joven de bolsillo ; _v36 _912847 |
|
| 049 | _aBNGR | ||
| 999 |
_c22875 _d22875 |
||